Un record, un cappotto e un foglio color glicine Storie di affido

Αποθηκεύτηκε σε:
Λεπτομέρειες βιβλιογραφικής εγγραφής
Κύριος συγγραφέας: Garofalo, Mattia
Άλλοι συγγραφείς: Geda, Fabio
Μορφή: Βιβλίο
Γλώσσα:Αγγλικά
Έκδοση: Torino
Ετικέτες: Προσθήκη ετικέτας
Δεν υπάρχουν, Καταχωρήστε ετικέτα πρώτοι!

MARC

LEADER 00000nam a2200000 4500
005 20241009193147.0
008 241009b |||||||| |||| 00| 0 eng d
040 |c GP 
100 |a Garofalo, Mattia 
245 |a Un record, un cappotto e un foglio color glicine  |b Storie di affido 
260 |a Torino 
700 |a Geda, Fabio 
942 |2 ddc  |c BK  |n 0 
952 |0 0  |1 0  |2 ddc  |4 0  |6 361_000000000000000_GAR  |7 1  |9 2092  |a RM  |b RM  |d 2024-10-09  |l 0  |o 361 GAR  |p 853  |r 2024-10-09 19:32:12  |w 2024-10-09  |y BK 
999 |c 1833  |d 1833